Statistics for Countries by Initial Letter and Length

Click here to take the quiz!

General Stats

  • This quiz has been taken 33,726 times
    (33,636 since last reset)
  • The average score is 14 of 20

Answer Stats

HintCountry% Correct
O4Oman
97%
Z8Zimbabwe
94%
P4Peru
87%
L4Laos
87%
H5Haiti
85%
M4Mali
84%
J7Jamaica
73%
D7Denmark
73%
I9Indonesia
70%
H8Honduras
69%
L10Luxembourg
68%
A10Azerbaijan
68%
F7Finland
66%
L6Latvia
65%
G9Guatemala
61%
T10Tajikistan
58%
P5Palau
57%
L5Libya
53%
K8Kiribati
53%
T5Tonga
51%

Score Distribution

Percentile by Number Answered

Percent of People with Each Score

Your Score History

You have not taken this quiz since the last reset